Detalles MARC
| 000 -LIDER |
| fixed length control field |
03241nam a2200385 a 4500 |
| 001 - NÚMERO DE CONTROL |
| Identificador de número de control |
0000293 |
| 003 - IDENTIFICACDOR DE NÚMERO DE CONTROL |
| control field |
DO-SdBNP |
| 005 - DATE AND TIME OF LATEST TRANSACTION |
| control field |
20180312112544.0 |
| 007 - CAMPOS FIJOS DE DESCRIPCIÓN FÍSICA |
| fixed length control field |
0000293 |
| 008 - ELEMENTOS DE LONGITUD FIJA |
| fixed length control field |
150130s2014 dr ac 000 0 spa d |
| 020 ## - ISBN |
| International Standard Book Number |
9789945119060 (v.1) |
| 020 ## - ISBN |
| International Standard Book Number |
9789945119039 (v. 2) |
| 020 ## - ISBN |
| International Standard Book Number |
9789945119008 (v .3) |
| 040 ## - FUENTE DE CATALOGACIÓN |
| Agencia que crea de manera original el registro |
BPMSU |
| Idioma de catalogación |
spa |
| Agencia que realiza la transcripción |
BPMSU |
| 092 ## - LOCALLY ASSIGNED DEWEY DECIMAL CALL NUMBER |
| Número de clasificación |
372.83 |
| Número de ítem (Cutter) |
C238c, 2do. 2014 |
| 100 1# - ASIENTO PRINCIPAL -- NOMBRE PERSONAL |
| Nombre personal |
Capellán Almonte, Fanny |
| 245 10 - MENCIÓN DE TITULO |
| Título |
Ciencias sociales 2 : |
| Subtítulo |
educación primaria / |
| Mención de responsabilidad |
Fanny Capellán Almonte ; dirección editorial Claudia Llibre ; ilustración Ruddy Nuñez |
| 260 ## - PUBLICACIÓN, DISTRIBUCIÓN, ETC. (PIE DE IMPRENTA) |
| Lugar de publicación, distribución, etc |
Santo Domingo : |
| Nombre del editor, distribuidor, etc. |
Santillana, |
| Fecha de publicación, distribución, etc |
2014. |
| 300 ## - DESCRIPCIÓN FÍSICA |
| Extensión |
v. : |
| Otros detalles físicos |
il., retrs., mapas ; |
| Dimensiones |
29 cm.+ |
| Material complementario |
CD-ROM |
| 490 1# - MENCIÓN DE SERIES |
| Mención de serie |
Proyecto todos juntos |
| 505 0# - NOTA DE CONTENIDO |
| Información miscelánea |
v. 1 -- |
| -- |
Bloque 1 -- |
| Título |
Nos relacionamos con otros -- |
| -- |
¿Cómo es mi familia? -- |
| -- |
La vida en comunidad -- |
| -- |
El campo y la ciudad -- |
| -- |
Mi comunidad trabaja -- |
| Información miscelánea |
Bloque 2 -- |
| Título |
Somos ciudadanos de un país -- |
| -- |
Nos transportamos -- |
| -- |
Mis derechos y deberes -- |
| -- |
Mi patria -- |
| -- |
Mi provincia / |
| Información miscelánea |
Proyecto del bloque -- |
| Título |
Mi comunidad y sus normas / |
| -- |
Competencia desarrollo personal y espiritual; un álbum de los tipos de familias en mi comunidad -- |
| -- |
Competencia ambiental y de salud; la calidad de los servicios de mi comunidad -- |
| -- |
Competencia pensamiento lógico, crítico y creativo; me oriento en el campo y en la ciudad -- |
| -- |
Competencia resolución de problemas; un censo de los trabajos de mi comunidad -- |
| Información miscelánea |
Proyecto del bloque 2 -- |
| Título |
Mi país y yo / |
| -- |
Competencia ética y ciudadana; construir un semáforo -- |
| -- |
Competencia resolución de problemas; un cartel en defensa de mis derechos -- |
| -- |
Competencia ética y ciudadana; construir una bandera dominicana -- |
| -- |
Competencia resolución de problemas; un afiche turístico de mi provincia -- |
| Mención de responsabilidad |
Fanny Capellán Almonte -- |
| -- |
Ana Iris Almonte Ysiano / |
| 505 0# - NOTA DE CONTENIDO |
| Información miscelánea |
v. 2 |
| -- |
Guía didáctica, recursos didácticos para el profesorado |
| Título |
Un proyecto bien fundamentado -- |
| -- |
Las claves del proyecto -- |
| -- |
El proyecto todos juntos en el nuevo sistema curricular -- |
| -- |
Los instrumentos del nuevo sistema curricular -- |
| -- |
Las competencias e indicadores de logro para las ciencias sociales en el segundo curso del nivel primario -- |
| -- |
Secuencia de contenidos del primer ciclo del nivel primario -- |
| -- |
Materiales para el estudiante -- |
| -- |
Materiales para el docente -- |
| -- |
El libro de texto del alumno -- |
| -- |
Los proyectos de investigación -- |
| -- |
El cuaderno de fichas de actividades -- |
| -- |
La guía didáctica -- |
| -- |
El libromedia -- |
| -- |
Mapa de contenidos / |
| Mención de responsabilidad |
Ana Iris Almonte Ysiano / |
| 505 0# - NOTA DE CONTENIDO |
| Información miscelánea |
v. 3: |
| Título |
Tipos de familias -- |
| -- |
La vida en comunidad -- |
| -- |
El campo y la ciudad -- |
| -- |
Mi comunidad trabaja -- |
| -- |
Nos transportamos -- |
| -- |
Mis derechos y deberes -- |
| -- |
Mi patria -- |
| Información miscelánea |
Mi provincia / |
| Mención de responsabilidad |
Fanny Capellán Almonte / |
| 650 ## - ENCABEZAMIENTO DE MATERIA--TEMÁTICO |
| Término temático o nombre geográfico como elemento de entrada |
CIENCIAS SOCIALES |
| Subdivisión temática general |
ENSEÑANZA BÁSICA |
| 650 ## - ENCABEZAMIENTO DE MATERIA--TEMÁTICO |
| Término temático o nombre geográfico como elemento de entrada |
CIENCIAS SOCIALES |
| Subdivisión temática general |
EDUCACIÓN PRIMARIA |
| 650 ## - ENCABEZAMIENTO DE MATERIA--TEMÁTICO |
| Término temático o nombre geográfico como elemento de entrada |
EDUCACIÓN PRIMARIA |
| Subdivisión cronológica |
REPÚBLICA DOMINICANA |
| 650 ## - ENCABEZAMIENTO DE MATERIA--TEMÁTICO |
| Término temático o nombre geográfico como elemento de entrada |
CIENCIAS SOCIALES |
| Subdivisión temática general |
LIBROS DE TEXTOS |
| 650 ## - ENCABEZAMIENTO DE MATERIA--TEMÁTICO |
| Término temático o nombre geográfico como elemento de entrada |
CIENCIAS SOCIALES |
| Subdivisión temática general |
ESTUDIOS Y EJERCICIOS |
| 700 ## - ASIENTO SECUNDARIO -- NOMBRE PERSONAL |
| Nombre personal |
Llibre, Claudia |
| Mención de responsabilidad |
dir. |
| 700 ## - ASIENTO SECUNDARIO -- NOMBRE PERSONAL |
| Nombre personal |
Núñez, Ruddy |
| Mención de responsabilidad |
il. |
| 830 #0 - ASIENTO SECUNDARIO DE SERIE--TÍTULO UNIFORME |
| Título uniforme |
Proyecto todos juntos |
| 942 ## - ADDED ENTRY ELEMENTS (KOHA) |
| Source of classification or shelving scheme |
Dewey Decimal Classification |
| Koha item type |
Libros |
| 945 ## - INFORMACIÓN DE PROCESAMIENTO LOCAL |
| Información de procesamiento local |
Remanejada para la BNPHU 2018 / BT |
| 956 ## - LOCAL ELECTRONIC LOCATION AND ACCESS (OCLC) |
| Nombre de host |
YLOCKWARD |
| Número de acceso |
10 |